Mŕtvi nemôžu milovať (Record no. 22261)
[ view plain ]
| 000 -LEADER | |
|---|---|
| fixed length control field | 01665nam a2200517 a 4500 |
| 001 - CONTROL NUMBER | |
| control field | 22261 |
| 003 - CONTROL NUMBER IDENTIFIER | |
| control field | VRT |
| 005 - DATE AND TIME OF LATEST TRANSACTION | |
| control field | 20260324150243.0 |
| 008 - FIXED-LENGTH DATA ELEMENTS--GENERAL INFORMATION | |
| fixed length control field | 240313s2015 xo g 000 f slo |
| 015 ## - NATIONAL BIBLIOGRAPHY NUMBER | |
| National bibliography number | SNBA2015/09 |
| 020 ## - INTERNATIONAL STANDARD BOOK NUMBER | |
| International Standard Book Number | 9788096996841 |
| Qualifying information | (brož.) |
| 035 ## - SYSTEM CONTROL NUMBER | |
| System control number | FFC92DD5-A998-4650-B81C-4B8846CDD682 |
| 035 ## - SYSTEM CONTROL NUMBER | |
| System control number | urn:nbn:sk:snk-aml6hw |
| 035 ## - SYSTEM CONTROL NUMBER | |
| System control number | urn:nbn:sk:snk-am008ulb |
| 039 #9 - LEVEL OF BIBLIOGRAPHIC CONTROL AND CODING DETAIL [OBSOLETE] | |
| Level of rules in bibliographic description | 202403131538 |
| Level of effort used to assign nonsubject heading access points | VLOAD |
| Level of effort used to assign subject headings | 202305090934 |
| Level of effort used to assign classification | AUTHORITY |
| Level of effort used to assign subject headings | 202003200841 |
| Level of effort used to assign classification | mbpksh04 |
| Level of effort used to assign subject headings | 201610041342 |
| Level of effort used to assign classification | mtotk19 |
| 040 ## - CATALOGING SOURCE | |
| Original cataloging agency | PPPK |
| Language of cataloging | slo |
| Transcribing agency | PPPK |
| Modifying agency | SNK |
| Description conventions | AACR2 |
| 041 0# - LANGUAGE CODE | |
| Language code of text/sound track or separate title | slo |
| 044 ## - COUNTRY OF PUBLISHING/PRODUCING ENTITY CODE | |
| MARC country code | xo |
| ISO country code | SK |
| 072 #7 - SUBJECT CATEGORY CODE | |
| Subject category code | 821.162.4-3 |
| Subject category code subdivision | Slovenská próza |
| Source | konspekt |
| 080 ## - UNIVERSAL DECIMAL CLASSIFICATION NUMBER | |
| Universal Decimal Classification number | 821.162.4-31 |
| Edition identifier | 2001 |
| 100 1# - MAIN ENTRY--PERSONAL NAME | |
| Personal name | Jarkovská, Erika, |
| Dates associated with a name | 1965- |
| Relationship | aut |
| 245 10 - TITLE STATEMENT | |
| Title | Mŕtvi nemôžu milovať |
| Remainder of title | [skutočný príbeh, ktorý sa nikdy nestal] |
| Statement of responsibility, etc. | Erika Jarkovská |
| 260 ## - PUBLICATION, DISTRIBUTION, ETC. | |
| Place of publication, distribution, etc. | [Bratislava] |
| Name of publisher, distributor, etc. | BESTSELER |
| Date of publication, distribution, etc. | 2015 |
| 300 ## - PHYSICAL DESCRIPTION | |
| Extent | 196 s. |
| Dimensions | 18 cm |
| 500 ## - GENERAL NOTE | |
| General note | Miesto vydania uvedené podľa ISBN |
| 655 #7 - INDEX TERM--GENRE/FORM | |
| Genre/form data or focus term | slovenské romány |
| Source of term | SNKPH |
| 655 #7 - INDEX TERM--GENRE/FORM | |
| Genre/form data or focus term | Slovak fiction |
| Source of term | SNKPHeng |
| 910 ## - USER-OPTION DATA (OCLC) | |
| User-option data | pppk |
| 910 ## - USER-OPTION DATA (OCLC) | |
| User-option data | pokpoh |
| 910 ## - USER-OPTION DATA (OCLC) | |
| User-option data | bjkdg |
| 910 ## - USER-OPTION DATA (OCLC) | |
| User-option data | vthk |
| 910 ## - USER-OPTION DATA (OCLC) | |
| User-option data | ttkjf |
| 910 ## - USER-OPTION DATA (OCLC) | |
| User-option data | hevk |
| 910 ## - USER-OPTION DATA (OCLC) | |
| User-option data | sllk |
| 910 ## - USER-OPTION DATA (OCLC) | |
| User-option data | skpk |
| 910 ## - USER-OPTION DATA (OCLC) | |
| User-option data | svkbb |
| 910 ## - USER-OPTION DATA (OCLC) | |
| User-option data | snk |
| 910 ## - USER-OPTION DATA (OCLC) | |
| User-option data | totk |
| 910 ## - USER-OPTION DATA (OCLC) | |
| User-option data | bpksh |
| 942 ## - ADDED ENTRY ELEMENTS (KOHA) | |
| Source of classification or shelving scheme | Dewey Decimal Classification |
| Koha item type | Krásna literatúra pre dospelých |
| Suppress in OPAC | No |
| 949 ## - LOCAL PROCESSING INFORMATION (OCLC) | |
| 6 | 270001000506375 |
| a | svkbbA 145473 |
| b | svkbbm 755411 |
| p | Obsahuje venovanie autorky |
| 949 ## - LOCAL PROCESSING INFORMATION (OCLC) | |
| 6 | 17A1171131 |
| a | snkSD 84518 D1 |
| b | snk2015/26122 |
| o | 1881/2015 |
| 949 ## - LOCAL PROCESSING INFORMATION (OCLC) | |
| 6 | 17A1171164 |
| a | snkSD 84518 |
| b | snk2015/26097 |
| o | 1881/15 |
| s | 6100:20150928 |
| 949 ## - LOCAL PROCESSING INFORMATION (OCLC) | |
| 6 | 3869A14685 |
| a | bpksh821.162.4-31 |
| b | bpksh72610 |
| Stav vyradenia | Strata | Poškodenie | Spôsob nadobudnutia | Domovská knižnica | Aktuálna knižnica | Dátum nadobudnutia | Cena | Total checkouts | Čiarový kód exemplára | Date last seen | Typ exemplára |
|---|---|---|---|---|---|---|---|---|---|---|---|
| Kúpa | Obecná knižnica Horná Štubňa | Obecná knižnica Horná Štubňa | 24.03.2026 | 3.50 | 9788096996841 | 24.03.2026 | Krásna literatúra pre dospelých |
